000 00977cam a2200301 a 4500
001 10960
003 BD-RjUL
005 20211208235039.0
008 140125s1972 nyua b 001 0 eng d
035 _a(BD-RjUL)11009
040 _aLC
_beng
_cLC
_dLC
_dBD-RjUL
041 _aeng
082 0 0 _a547.84
_bCOR 1969
100 1 _aCotter, Robert J.,
_d1930-
_933869
245 1 0 _aRing-forming polymerizations /
_cby Robert J. Cotter and Markus Matzner.
_nPART A
260 _aNew York :
_bAcademic Press,
_c1969.
300 _axxviii, 395 p. :
_c24 cm.
_bill.,
490 1 _aOrganic chemistry; a series of monographs ;
504 _aIncludes index.
650 0 _aPolymerization.
_933870
650 0 _aRing formation (Chemistry)
_931896
830 0 _vvol. 13; 13 B, 1; 13 B, 2.
_933882
700 1 _aMatzner, Markus,
_d1929-,
_ejoint author.
_933872
830 0 _aOrganic chemistry (New York, N.Y.) ;
_933883
942 _2ddc
_cBK
999 _c10960
_d10960